Silk Sonic Tracklist (Silk Sonic, Bruno Mars, Anderson .Paak) - Statistics

General Stats
  • This quiz has been taken 139 times
  • The average score is 9 of 10
Answer Stats
Hint Answer % Correct
2 Leave The Door Open
98%
7 777
94%
8 Skate
92%
5 Smokin Out The Window
87%
6 Put On A Smile
83%
1 Silk Sonic Intro
81%
4 After Last Night(with Thundercat & Bootsy Collins)
80%
10 Blast Off
79%
9 Love's Train
78%
3 Fly As Me
76%
No matching quizzes found
Score Distribution
Percent of People with Each Score
Percentile by Number Answered
Your Score History
You have not taken this quiz